00366 a2200145 4500082001600000110001400016245007200030260003000102300000900132650001400141650000800155650002700163650001300190653001700203 a323/ACT-b/A aActionaid aBidhyalaya Shikshaka Dash Adhikarharu : anugaman tatha srot pustika aKathmandubActionaidcn.d a70p. aEducation aDRM aNon Violence Communtyy aEquality aHuaman Right